| 000 | 00553cam a2200181 a 4500 | ||
|---|---|---|---|
| 001 | 000018939 | ||
| 005 | 20200929165903.0 | ||
| 008 | 820309s1976 cr 000 0 spa | ||
| 040 |
_aDO-SdBNP _bspa _cBNPHU |
||
| 082 |
_axxx _bD841a |
||
| 100 | 1 |
_aDucoudray, Louis A., _d1943- _940756 |
|
| 245 | 1 | 3 |
_aEl agua secreta / _cLouis Ducoudray. |
| 260 |
_aSan José, Costa Rica : _bUniversitaria Centroamericana (EDUCA), _c1976. |
||
| 300 |
_a103 p. ; _c17 cm. |
||
| 490 | 1 | _aSéptimo día; | |
| 590 | _aInventariado, 2019/ YL | ||
| 830 | 0 |
_aSéptimo día _924471 |
|
| 999 |
_c18457 _d18457 |
||